Para estudiar mejor : siglo xxi /

Guardado en:
Autor Principal: Massun, Ignacio C. M.
Formato: Libro
Publicado: Buenos Aires : Métodos, 2000
Materias:
Etiquetas: Agregar Etiqueta
Sin Etiquetas, Sea el primero en etiquetar este registro!
LEADER 00590nam a22002055a 4500
001 CEM.cems010333
005 20080520102710.0
008 130507s2000##################000#0#####d
003 CEMS
020 |a 950888200X 
082 0 4 |a 371.36 
100 1 |a Massun, Ignacio C. M. 
245 1 0 |a Para estudiar mejor :  |b siglo xxi /  |c Ignacio C. M. Massun 
260 |a Buenos Aires :  |b Métodos,  |c 2000 
300 |a 190 p. 
653 |a Educación 
653 |a Estudio dirigido 
653 |a Lectura-comprensión 
653 |a Estudio-métodos 
859 |a CEMS  |b BIB. CEMS - 11 de abril  |h 371.36  |i M389  |p 20876.00  |t Ej.1